000 00357nam a2200145Ia 4500
008 231217s9999 xx 000 0 und d
041 _aEnglish
082 _a620.8 DOR;3
100 _aDoran, Pauline M
245 0 _aBioprocess engineering principles
260 _c2005
_bAcademic Press
_aLondon
300 _a439
650 _aBioprocess
942 _cAA
999 _c183012
_d183012